01237nam a2200337 i 450000100060000000300090000600500170001500800410003202000150007304000360008804100110012404600090013508000120014408000120015610000240016824502040019225000290039626000290042530000150045433600270046933700540049633800280055065000280057865500130060665800300061970000500064970000280069970000350072770000390076285600980080135023KOSZ 00520221229122040.0011010s2001 pl f f |000 0 pol d a8387287105 cKOSZ 005aKOSZ 005dKOSZ 005/HR1 aplhde k2001 a658.566 a(083.1)1 aDück, OttoeAutor10aGospodarka materiałowa :bpraktyczny poradnik.n[T.2] /cOtto Dück, Stefan Schötz ; tł. i adapt. na pol. zespół, red. wyd. pol. Stanisław Wesołowski, Maria Wojciechowska, Magdalena Dudzik. a[Aktualiz. bieżąca]. aWarszawa :bWEKA,c2001. aSkoroszyt. 2rdacontentaTekstbtxt 2rdamediaaBez urządzenia pośredniczącegobn 2rdacarrieraWoluminbnc 4aGospodarka materiałowa 4aPoradnik aZarządzanie i marketing1 aWesołowski Stanisławd(1929-2012)eRedakcja1 aSchötz, StefaneAutor1 aWojciechowska, MariaeRedakcja1 aDudzik, Teresa MagdalenaeRedakcja uhttp://koha.tu.koszalin.pl/cgi-bin/koha/opac-detail.pl?biblionumber=35023yKatalog online BPK